000 00327nam a22001457a 4500
008 210507b ||||| |||| 00| 0 eng d
020 _a978128586134
041 _aeng
080 _8
_a33
082 _a33
100 _a58
101 _aBIZ
245 _aEssentials of Business Communication
_cGuffey,M.E
942 _2udc
_cBK
999 _c57127
_d57127